000 00478nam a2200181Ia 4500
001 11164
005 20260306161926.0
008 260306t2011||||xx |||||||||||||| ||spa||
041 _aESP
082 _a985.01
_bK26
100 _aKaulicke, Peter
_eAUT
245 0 _aLas cronologías del formativo:
_b50 años de investigación japonesas en perspectiva
260 _c2011
300 _a438 páginas :
_c24 cm.
650 _aGEN
654 _aCHU
942 _cLIB
_dJUS
_fJUS
_2ddc
_n
999 _c11164
_d11164